000 03369nam a22002657a 4500
001 6365
003 FISKH
005 20250424100104.0
008 250424b cb ||||| |||| 00| 0 eng d
020 _a9781741799941
040 _aFISKH
_beng
_cFISKH
_dFISKH
050 _aDS563.D57
082 _a915.930444
100 _aWilliams, China
245 _aDiscover Thailand :
_bExperience the best of Thailand /
_cBy China Williams, Mark Beales, Tim Bewer, Catherine Bodry, Austin Bush and Brandon Presser
260 _aFort Mill :
_bLonely Planet ,
_c2010.
300 _a408 pages :
_bcolor illustrations, maps ;
_c20 cm .
490 _aLonely Planet
520 _aLonely Planet: The world's leading travel guide publisher Lonely Planet's Discover Thailand is your passport to the most relevant, up-to-date advice on what to see and skip, and what hidden discoveries await you. Listen to monks chant in a Bangkok temple, indulge in a beachfront Thai massage on a coral-fringed island, or trek through the jungle to see elephants and gibbons; all with your trusted travel companion. Discover the best of Thailand and begin your journey now! Inside Lonely Planet's Discover Thailand: Full-colourmaps and images throughout Highlightsand itineraries help you tailor your trip to your personal needs and interests Insider tips to save time and money and get around like a local, avoiding crowds and trouble spots Essential infoat your fingertips - hours of operation, phone numbers, websites, transit tips, prices Honest reviews for all budgets - eating, sleeping, sight-seeing, going out, shopping, hidden gems that most guidebooks miss Cultural insightsgive you a richer, more rewarding travel experience - customs, history, art, music, architecture, politics, religion, environment, wildlife, cuisine Free, convenient pull-out Bangkok map (included in print version), plus over 40 colour maps CoversBangkok, Chiang Mai, Chiang Rai, Northern Thailand, Ko Samui, Gulf Coast, Phuket, Andaman Coast and more The Perfect Choice:Lonely Planet's Discover Thailand, our easy-to-use guide, filled with inspiring and colorful photos, focuses on Thailand's most popular attractions for those looking for the best of the best. Looking for a comprehensive guide that recommends both popular and offbeat experiences, and extensively covers all the country hasto offer? Check outLonely Planet's Thailand guide. Looking for a guide for Bangkok or Phuket? Check out Lonely Planet's Bangkokguide for a comprehensive look at all the cityhas to offer; orLonely Planet's Pocket Bangkokor Phuket, handy-sized guides focused on the can't-miss sights for a quick trip. Authors:Written and researched by Lonely Planet, China Williams, Austin Bush, Tim Bewer, Mark Beales, David Eimer, Celeste Brash and Adam Skolnick. About Lonely Planet:Since 1973, Lonely Planet has become the world's leading travel media company with guidebooks to every destination, an award-winning website, mobile and digital travel products, and a dedicated traveller community. Lonely Planet covers must-see spots but also enables curious travellers to get off beaten paths to understand more of the culture of the places in which they find themselves.
650 _aGuide book
_vNon-fiction
650 _aThailand
_vNon-fiction
700 _aBeales,Mark
_eIllustrator
942 _2ddc
_cBK
_n0
999 _c6365
_d6365